[Event "Deutsche Ländermeisterschaft 2017"]
[Site "Hannover GER"]
[Date "2017.10.01"]
[Round "3"]
[White "Bayer, Melissa"]
[Black "Peglau, Mirjam"]
[Result "0-1"]
[Termination "normal"]
[Board "3.8"]
[WhiteElo "1523"]
[BlackElo "1552"]
[WhiteClock "00:21:19"]
[BlackClock "00:43:50"]
[WhiteTeam "Hessen"]
[BlackTeam "Sachsen"]
[PlyCount "146"]
[WhiteFideId "16206916"]
[BlackFideId "16211138"]
[EventCountry "GER"]
[EventRounds "7"]
[EventType "team-swiss"]
[EventDate "2017.09.29"]

1. d4 {[%clk 1:30:53]} Nf6 {[%clk 1:30:53]} 2. Bf4 {[%clk 1:30:56]} e6 {[%clk
1:30:44]} 3. Nf3 {[%clk 1:30:34]} c5 {[%clk 1:30:47]} 4. e3 {[%clk 1:30:24]}
Nc6 {[%clk 1:30:42]} 5. c3 {[%clk 1:29:37]} d5 {[%clk 1:30:39]} 6. Bd3 {[%clk
1:28:53]} Be7 {[%clk 1:29:52]} 7. Nbd2 {[%clk 1:28:26]} Bd7 {[%clk 1:29:42]} 8.
Ne5 {[%clk 1:27:24]} O-O {[%clk 1:26:02]} 9. Ndf3 {[%clk 1:23:39]} Rc8 {[%clk
1:24:22]} 10. g4 {[%clk 1:16:07]} cxd4 {[%clk 1:22:26]} 11. exd4 {[%clk
1:15:58]} Ne4 {[%clk 1:17:31]} 12. Qe2 {[%clk 1:08:06]} Nxe5 {[%clk 1:14:05]}
13. dxe5 {[%clk 1:05:44]} Nc5 {[%clk 1:11:34]} 14. Bc2 {[%clk 1:03:59]} Bc6
{[%clk 1:00:57]} 15. Nd4 {[%clk 1:02:15]} Qc7 {[%clk 0:56:44]} 16. g5 {[%clk
0:56:19]} Ne4 {[%clk 0:52:37]} 17. f3 {[%clk 0:53:36]} Nc5 {[%clk 0:50:54]} 18.
h4 {[%clk 0:49:22]} Bd7 {[%clk 0:40:32]} 19. Qg2 {[%clk 0:45:10]} g6 {[%clk
0:36:17]} 20. h5 {[%clk 0:40:33]} Kg7 {[%clk 0:36:46]} 21. Kd2 {[%clk 0:30:55]}
Rh8 {[%clk 0:36:36]} 22. Rh3 {[%clk 0:30:16]} Qb6 {[%clk 0:34:32]} 23. b3
{[%clk 0:25:25]} Qc7 {[%clk 0:30:09]} 24. Rc1 {[%clk 0:18:13]} Na6 {[%clk
0:28:29]} 25. Bd3 {[%clk 0:17:55]} Nb4 {[%clk 0:26:36]} 26. Bb1 {[%clk
0:16:29]} a6 {[%clk 0:23:43]} 27. Ke2 {[%clk 0:15:02]} Nc6 {[%clk 0:23:52]} 28.
Qh2 {[%clk 0:13:48]} Qb6 {[%clk 0:22:58]} 29. Bd2 {[%clk 0:10:24]} Nxd4+ {[%clk
0:22:14]} 30. cxd4 {[%clk 0:09:23]} Rxc1 {[%clk 0:21:46]} 31. Bxc1 {[%clk
0:09:44]} Qxd4 {[%clk 0:21:32]} 32. Kf1 {[%clk 0:02:42]} Qd1+ {[%clk 0:21:29]}
33. Kg2 {[%clk 0:02:44]} Qxc1 {[%clk 0:21:43]} 34. hxg6 {[%clk 0:02:26]} Qxg5+
{[%clk 0:20:21]} 35. Kf2 {[%clk 0:01:00]} Qd2+ {[%clk 0:20:34]} 36. Kg3 {[%clk
0:01:10]} Qxh2+ {[%clk 0:20:40]} 37. Rxh2 {[%clk 0:01:12]} hxg6 {[%clk
0:20:34]} 38. Rc2 {[%clk 0:01:01]} Rc8 {[%clk 0:20:54]} 39. Rd2 {[%clk
0:00:45]} Bd8 {[%clk 0:19:41]} 40. Kg4 {[%clk 0:00:36]} Ba5 {[%clk 0:19:29]}
41. Rd1 {[%clk 0:00:32]} Bc3 {[%clk 0:19:34]} 42. f4 {[%clk 0:30:30]} Bb5
{[%clk 0:49:29]} 43. Kf3 {[%clk 0:29:47]} d4 {[%clk 0:49:38]} 44. Rc1 {[%clk
0:29:18]} f6 {[%clk 0:49:13]} 45. Rg1 {[%clk 0:29:16]} d3 {[%clk 0:48:41]} 46.
Ke3 {[%clk 0:28:09]} fxe5 {[%clk 0:47:46]} 47. fxe5 {[%clk 0:27:33]} Bxe5
{[%clk 0:47:32]} 48. a4 {[%clk 0:27:13]} Be8 {[%clk 0:46:55]} 49. Kxd3 {[%clk
0:26:51]} Kf6 {[%clk 0:45:25]} 50. Rf1+ {[%clk 0:26:34]} Ke7 {[%clk 0:45:43]}
51. Ke4 {[%clk 0:26:34]} Bc3 {[%clk 0:44:47]} 52. Bd3 {[%clk 0:26:08]} e5
{[%clk 0:44:51]} 53. Bc4 {[%clk 0:24:53]} Bd4 {[%clk 0:43:24]} 54. Kd3 {[%clk
0:22:52]} b5 {[%clk 0:43:12]} 55. axb5 {[%clk 0:22:53]} axb5 {[%clk 0:43:00]}
56. Bd5 {[%clk 0:22:57]} Rc3+ {[%clk 0:43:00]} 57. Kd2 {[%clk 0:22:45]} b4
{[%clk 0:41:19]} 58. Bc4 {[%clk 0:22:35]} Be3+ {[%clk 0:41:14]} 59. Ke2 {[%clk
0:22:37]} Bf4 {[%clk 0:41:27]} 60. Kf2 {[%clk 0:21:11]} g5 {[%clk 0:41:42]} 61.
Kg2 {[%clk 0:20:47]} Bf7 {[%clk 0:41:39]} 62. Bxf7 {[%clk 0:20:05]} Kxf7 {[%clk
0:42:02]} 63. Rf3 {[%clk 0:20:10]} Rxf3 {[%clk 0:42:12]} 64. Kxf3 {[%clk
0:20:34]} Ke6 {[%clk 0:42:34]} 65. Kf2 {[%clk 0:20:35]} g4 {[%clk 0:42:51]} 66.
Ke2 {[%clk 0:20:54]} Kd5 {[%clk 0:42:43]} 67. Kf2 {[%clk 0:21:01]} Kd4 {[%clk
0:42:59]} 68. Ke2 {[%clk 0:21:20]} e4 {[%clk 0:42:58]} 69. Kf2 {[%clk 0:21:16]}
Kd3 {[%clk 0:43:06]} 70. Kf1 {[%clk 0:21:05]} e3 {[%clk 0:43:20]} 71. Ke1
{[%clk 0:21:12]} e2 {[%clk 0:43:31]} 72. Kf2 {[%clk 0:21:18]} Bg3+ {[%clk
0:43:29]} 73. Kxg3 {[%clk 0:21:19]} e1=Q+ {[%clk 0:43:50]} 1-0

[Event "Deutsche Ländermeisterschaft 2017"]
[Site "Hannover GER"]
[Date "2017.10.01"]
[Round "3"]
[White "Krause, Benedict"]
[Black "Niermann, Tristan"]
[Result "1-0"]
[Termination "normal"]
[Board "4.1"]
[WhiteTitle "FM"]
[WhiteElo "2438"]
[BlackElo "2277"]
[WhiteClock "00:27:28"]
[BlackClock "00:43:12"]
[WhiteTeam "Schleswig-Holstein"]
[BlackTeam "Nordrhein-Westfalen"]
[PlyCount "53"]
[WhiteFideId "12917990"]
[BlackFideId "12990698"]
[EventCountry "GER"]
[EventRounds "7"]
[EventType "team-swiss"]
[EventDate "2017.09.29"]

1. e4 {[%clk 1:30:57]} e5 {[%clk 1:30:47]} 2. Nf3 {[%clk 1:31:24]} Nc6 {[%clk
1:31:12]} 3. Bc4 {[%clk 1:31:49]} Nf6 {[%clk 1:31:38]} 4. d3 {[%clk 1:32:15]}
h6 {[%clk 1:31:47]} 5. O-O {[%clk 1:31:31]} d6 {[%clk 1:32:07]} 6. c3 {[%clk
1:28:53]} g5 {[%clk 1:32:16]} 7. Re1 {[%clk 1:21:13]} Bg7 {[%clk 1:31:18]} 8.
d4 {[%clk 1:07:44]} Bg4 {[%clk 1:27:26]} 9. dxe5 {[%clk 1:05:13]} Nxe5 {[%clk
1:20:32]} 10. Be2 {[%clk 0:56:56]} Bxf3 {[%clk 1:19:50]} 11. Bxf3 {[%clk
0:57:18]} Qe7 {[%clk 1:17:34]} 12. Be2 {[%clk 0:55:40]} O-O-O {[%clk 1:16:34]}
13. Qa4 {[%clk 0:53:03]} Kb8 {[%clk 1:15:49]} 14. Be3 {[%clk 0:52:45]} c5
{[%clk 1:12:04]} 15. Nd2 {[%clk 0:45:07]} g4 {[%clk 1:04:24]} 16. Nf1 {[%clk
0:40:05]} d5 {[%clk 0:53:43]} 17. Ng3 {[%clk 0:38:13]} Nxe4 {[%clk 0:52:26]}
18. Nxe4 {[%clk 0:38:13]} dxe4 {[%clk 0:52:26]} 19. Qxe4 {[%clk 0:38:08]} Qe6
{[%clk 0:49:46]} 20. Bxc5 {[%clk 0:34:56]} f5 {[%clk 0:49:03]} 21. Qe3 {[%clk
0:33:55]} Qf7 {[%clk 0:45:16]} 22. Bxa7+ {[%clk 0:32:39]} Ka8 {[%clk 0:45:27]}
23. Bb6 {[%clk 0:31:35]} Rde8 {[%clk 0:43:57]} 24. Qc5 {[%clk 0:29:34]} Nd7
{[%clk 0:42:23]} 25. Qa5+ {[%clk 0:28:14]} Kb8 {[%clk 0:42:49]} 26. Bc7+ {[%clk
0:27:07]} Kc8 {[%clk 0:43:12]} 27. Bd6 {[%clk 0:27:28]} 1-0

[Event "Deutsche Ländermeisterschaft 2017"]
[Site "Hannover GER"]
[Date "2017.10.01"]
[Round "3"]
[White "Wagner, Leopold Franziskus"]
[Black "Parvanyan, Ashot"]
[Result "0-1"]
[Termination "normal"]
[Board "4.2"]
[BlackTitle "FM"]
[WhiteElo "2058"]
[BlackElo "2374"]
[WhiteClock "01:22:00"]
[BlackClock "00:30:17"]
[WhiteTeam "Nordrhein-Westfalen"]
[BlackTeam "Schleswig-Holstein"]
[PlyCount "100"]
[WhiteFideId "1641581"]
[BlackFideId "13307550"]
[EventCountry "GER"]
[EventRounds "7"]
[EventType "team-swiss"]
[EventDate "2017.09.29"]

1. d4 {[%clk 1:30:36]} Nf6 {[%clk 1:30:11]} 2. c4 {[%clk 1:30:26]} c5 {[%clk
1:29:13]} 3. d5 {[%clk 1:28:56]} e5 {[%clk 1:29:13]} 4. Nc3 {[%clk 1:27:41]} d6
{[%clk 1:29:17]} 5. e4 {[%clk 1:27:37]} g6 {[%clk 1:29:33]} 6. Bd3 {[%clk
1:27:31]} Bg7 {[%clk 1:29:56]} 7. Qc2 {[%clk 1:27:44]} O-O {[%clk 1:30:17]} 8.
Nge2 {[%clk 1:27:52]} a6 {[%clk 1:28:25]} 9. a4 {[%clk 1:27:02]} Nh5 {[%clk
1:25:53]} 10. O-O {[%clk 1:25:35]} Qh4 {[%clk 1:21:51]} 11. Qd2 {[%clk
1:17:02]} h6 {[%clk 1:16:26]} 12. f3 {[%clk 1:16:20]} f5 {[%clk 1:09:19]} 13.
Qe1 {[%clk 1:15:48]} Qe7 {[%clk 0:57:00]} 14. Ng3 {[%clk 1:15:16]} f4 {[%clk
0:53:13]} 15. Nxh5 {[%clk 1:15:07]} gxh5 {[%clk 0:53:37]} 16. Kf2 {[%clk
1:13:44]} Qh4+ {[%clk 0:46:20]} 17. Kg1 {[%clk 1:12:13]} Qg5 {[%clk 0:46:14]}
18. Kf2 {[%clk 1:11:29]} Rf6 {[%clk 0:43:47]} 19. Rh1 {[%clk 1:10:53]} Rg6
{[%clk 0:43:59]} 20. Bf1 {[%clk 1:10:37]} Nd7 {[%clk 0:41:40]} 21. h3 {[%clk
1:08:48]} h4 {[%clk 0:38:37]} 22. Ke2 {[%clk 1:08:20]} Nf6 {[%clk 0:38:33]} 23.
Kd1 {[%clk 1:07:25]} Nh5 {[%clk 0:36:32]} 24. Ne2 {[%clk 1:07:27]} Qd8 {[%clk
0:35:48]} 25. Bd2 {[%clk 1:06:53]} Bd7 {[%clk 0:33:55]} 26. a5 {[%clk 1:06:31]}
Bf6 {[%clk 0:28:12]} 27. Kc2 {[%clk 1:03:53]} b5 {[%clk 0:25:19]} 28. axb6
{[%clk 1:02:53]} Qxb6 {[%clk 0:25:44]} 29. Ba5 {[%clk 1:03:01]} Qb7 {[%clk
0:25:28]} 30. Qc3 {[%clk 1:02:54]} Rb8 {[%clk 0:24:39]} 31. Ra2 {[%clk
1:00:40]} Kh7 {[%clk 0:23:37]} 32. Ra3 {[%clk 0:59:20]} Rg7 {[%clk 0:23:28]}
33. Rh2 {[%clk 0:58:19]} Qc8 {[%clk 0:14:43]} 34. Rh1 {[%clk 0:55:33]} Be8
{[%clk 0:14:41]} 35. Rh2 {[%clk 0:52:27]} Rgb7 {[%clk 0:12:52]} 36. Nc1 {[%clk
0:52:00]} Ng3 {[%clk 0:12:02]} 37. Bd3 {[%clk 0:52:08]} Kg7 {[%clk 0:09:31]}
38. Ra2 {[%clk 0:52:02]} Nf5 {[%clk 0:08:40]} 39. Rh1 {[%clk 0:49:54]} Ne3+
{[%clk 0:06:45]} 40. Kb1 {[%clk 0:50:17]} Kh8 {[%clk 0:06:20]} 41. Rh2 {[%clk
0:49:41]} Nd1 {[%clk 0:01:33]} 42. Qd2 {[%clk 0:49:21]} Rxb2+ {[%clk 0:01:14]}
43. Rxb2 {[%clk 0:49:43]} Rxb2+ {[%clk 0:01:40]} 44. Qxb2 {[%clk 0:50:00]} Nxb2
{[%clk 0:02:05]} 45. Kxb2 {[%clk 0:50:28]} Qb8+ {[%clk 0:00:47]} 46. Ka2 {[%clk
0:50:31]} Bd8 {[%clk 0:01:02]} 47. Bc3 {[%clk 0:50:54]} Bb6 {[%clk 0:00:52]}
48. Rh1 {[%clk 0:51:05]} Qc7 {[%clk 0:01:10]} 49. Nb3 {[%clk 0:51:17]} Qg7
{[%clk 0:30:30]} 50. Rg1 {[%clk 1:22:00]} Bd7 {[%clk 0:30:17]} 0-1

[Event "Deutsche Ländermeisterschaft 2017"]
[Site "Hannover GER"]
[Date "2017.10.01"]
[Round "3"]
[White "Arakelian, Aik"]
[Black "Kopylov, Daniel"]
[Result "0-1"]
[Termination "normal"]
[Board "4.4"]
[WhiteElo "1762"]
[BlackElo "2243"]
[WhiteClock "01:04:56"]
[BlackClock "01:16:04"]
[WhiteTeam "Nordrhein-Westfalen"]
[BlackTeam "Schleswig-Holstein"]
[PlyCount "40"]
[WhiteFideId "16220340"]
[BlackFideId "12921971"]
[EventCountry "GER"]
[EventRounds "7"]
[EventType "team-swiss"]
[EventDate "2017.09.29"]

1. e4 {[%clk 1:30:47]} c5 {[%clk 1:30:51]} 2. Nf3 {[%clk 1:31:06]} d6 {[%clk
1:31:10]} 3. c3 {[%clk 1:31:12]} Nf6 {[%clk 1:30:41]} 4. Bd3 {[%clk 1:31:12]}
Nc6 {[%clk 1:30:22]} 5. h3 {[%clk 1:30:00]} d5 {[%clk 1:30:25]} 6. e5 {[%clk
1:28:34]} Nd7 {[%clk 1:30:16]} 7. e6 {[%clk 1:27:10]} fxe6 {[%clk 1:29:00]} 8.
Ng5 {[%clk 1:27:11]} Nf6 {[%clk 1:23:00]} 9. Bxh7 {[%clk 1:24:17]} Nxh7 {[%clk
1:21:47]} 10. Qh5+ {[%clk 1:24:32]} Kd7 {[%clk 1:21:36]} 11. Nxh7 {[%clk
1:23:34]} Qe8 {[%clk 1:17:09]} 12. Nf6+ {[%clk 1:17:54]} exf6 {[%clk 1:17:27]}
13. Qxh8 {[%clk 1:18:13]} b6 {[%clk 1:15:34]} 14. O-O {[%clk 1:11:24]} Ba6
{[%clk 1:15:31]} 15. Re1 {[%clk 1:11:06]} Qg6 {[%clk 1:15:21]} 16. Qg8 {[%clk
1:09:53]} Re8 {[%clk 1:15:33]} 17. Qh8 {[%clk 1:08:14]} Ne5 {[%clk 1:15:46]}
18. Re3 {[%clk 1:07:21]} Qc2 {[%clk 1:15:57]} 19. Na3 {[%clk 1:07:29]} Qd1+
{[%clk 1:15:59]} 20. Kh2 {[%clk 1:04:56]} Ng4+ {[%clk 1:16:04]} 0-1

[Event "Deutsche Ländermeisterschaft 2017"]
[Site "Hannover GER"]
[Date "2017.10.01"]
[Round "3"]
[White "Köhler, Inken"]
[Black "Müdder, Melanie"]
[Result "1-0"]
[Termination "normal"]
[Board "4.5"]
[WhiteElo "1893"]
[BlackElo "1798"]
[WhiteClock "00:07:29"]
[BlackClock "00:15:28"]
[WhiteTeam "Schleswig-Holstein"]
[BlackTeam "Nordrhein-Westfalen"]
[PlyCount "79"]
[WhiteFideId "12929301"]
[BlackFideId "12994103"]
[EventCountry "GER"]
[EventRounds "7"]
[EventType "team-swiss"]
[EventDate "2017.09.29"]

1. e4 {[%clk 1:30:58]} c5 {[%clk 1:30:51]} 2. Nf3 {[%clk 1:31:21]} Nc6 {[%clk
1:31:11]} 3. Bb5 {[%clk 1:31:40]} Nf6 {[%clk 1:31:28]} 4. Nc3 {[%clk 1:31:19]}
g6 {[%clk 1:31:33]} 5. O-O {[%clk 1:31:00]} Bg7 {[%clk 1:30:48]} 6. Re1 {[%clk
1:29:43]} O-O {[%clk 1:29:53]} 7. Bxc6 {[%clk 1:29:32]} dxc6 {[%clk 1:29:34]}
8. d3 {[%clk 1:29:01]} Qc7 {[%clk 1:26:40]} 9. Be3 {[%clk 1:25:22]} b6 {[%clk
1:25:29]} 10. h3 {[%clk 1:22:54]} Bb7 {[%clk 1:18:39]} 11. a4 {[%clk 1:20:14]}
Rad8 {[%clk 1:13:39]} 12. Qc1 {[%clk 1:16:56]} Ne8 {[%clk 0:57:42]} 13. a5
{[%clk 1:08:02]} Nd6 {[%clk 0:54:22]} 14. axb6 {[%clk 1:06:19]} axb6 {[%clk
0:54:05]} 15. Bf4 {[%clk 1:05:45]} Qc8 {[%clk 0:50:05]} 16. Na4 {[%clk
1:04:02]} Qc7 {[%clk 0:47:09]} 17. e5 {[%clk 1:03:17]} Nc8 {[%clk 0:45:16]} 18.
e6 {[%clk 1:02:41]} Nd6 {[%clk 0:45:10]} 19. exf7+ {[%clk 1:01:31]} Rxf7 {[%clk
0:45:02]} 20. Ng5 {[%clk 1:01:12]} Rf6 {[%clk 0:41:42]} 21. Ne6 {[%clk
1:00:35]} Rxe6 {[%clk 0:41:27]} 22. Rxe6 {[%clk 1:01:00]} Bc8 {[%clk 0:41:10]}
23. Re1 {[%clk 0:57:46]} Rf8 {[%clk 0:36:26]} 24. Nc3 {[%clk 0:45:17]} e5
{[%clk 0:29:16]} 25. Bxe5 {[%clk 0:35:06]} Bxe5 {[%clk 0:28:41]} 26. Rxe5
{[%clk 0:35:29]} Nf5 {[%clk 0:28:50]} 27. Qe1 {[%clk 0:30:52]} Nd4 {[%clk
0:25:47]} 28. Re7 {[%clk 0:29:13]} Qd6 {[%clk 0:18:59]} 29. Raa7 {[%clk
0:28:23]} Nf5 {[%clk 0:18:49]} 30. Rxh7 {[%clk 0:25:34]} Be6 {[%clk 0:17:06]}
31. g4 {[%clk 0:19:59]} Bf7 {[%clk 0:16:47]} 32. Rhxf7 {[%clk 0:20:16]} Rxf7
{[%clk 0:17:11]} 33. Rxf7 {[%clk 0:20:34]} Kxf7 {[%clk 0:17:36]} 34. gxf5
{[%clk 0:20:56]} gxf5 {[%clk 0:17:58]} 35. Qe3 {[%clk 0:19:49]} f4 {[%clk
0:16:57]} 36. Qe4 {[%clk 0:19:52]} Qf6 {[%clk 0:16:46]} 37. Qh7+ {[%clk
0:13:22]} Ke6 {[%clk 0:16:20]} 38. Ne4 {[%clk 0:07:15]} Qxb2 {[%clk 0:16:13]}
39. Qg8+ {[%clk 0:07:16]} Ke7 {[%clk 0:15:28]} 40. Qg5+ {[%clk 0:07:29]} 1-0

[Event "Deutsche Ländermeisterschaft 2017"]
[Site "Hannover GER"]
[Date "2017.10.01"]
[Round "3"]
[White "Rudolph, Eva"]
[Black "Glinzner, Alva"]
[Result "1-0"]
[Termination "normal"]
[Board "4.6"]
[WhiteElo "1763"]
[BlackElo "1766"]
[WhiteClock "00:03:16"]
[BlackClock "00:00:35"]
[WhiteTeam "Nordrhein-Westfalen"]
[BlackTeam "Schleswig-Holstein"]
[PlyCount "71"]
[WhiteFideId "16200594"]
[BlackFideId "16206169"]
[EventCountry "GER"]
[EventRounds "7"]
[EventType "team-swiss"]
[EventDate "2017.09.29"]

1. e4 {[%clk 1:30:58]} c5 {[%clk 1:30:55]} 2. Nc3 {[%clk 1:31:17]} Nc6 {[%clk
1:30:40]} 3. f4 {[%clk 1:31:31]} g6 {[%clk 1:31:05]} 4. Nf3 {[%clk 1:31:42]}
Bg7 {[%clk 1:31:19]} 5. Bb5 {[%clk 1:31:50]} Nd4 {[%clk 1:30:54]} 6. O-O {[%clk
1:31:09]} a6 {[%clk 1:28:50]} 7. Bc4 {[%clk 1:29:12]} b5 {[%clk 1:17:01]} 8.
Bd5 {[%clk 1:28:40]} Rb8 {[%clk 1:17:27]} 9. d3 {[%clk 1:26:38]} e6 {[%clk
1:15:20]} 10. Bb3 {[%clk 1:26:47]} d6 {[%clk 1:14:20]} 11. Nxd4 {[%clk
1:17:32]} Bxd4+ {[%clk 1:11:51]} 12. Kh1 {[%clk 1:17:38]} Ne7 {[%clk 1:10:08]}
13. Qe1 {[%clk 1:14:30]} Qc7 {[%clk 1:08:04]} 14. f5 {[%clk 1:06:27]} gxf5
{[%clk 0:40:33]} 15. exf5 {[%clk 1:06:05]} d5 {[%clk 0:40:44]} 16. fxe6 {[%clk
0:58:50]} fxe6 {[%clk 0:39:38]} 17. Bf4 {[%clk 0:52:26]} Qb7 {[%clk 0:31:32]}
18. Bxb8 Qxb8 {[%clk 0:31:47]} 19. Nd1 {[%clk 0:32:55]} Be5 {[%clk 0:25:01]}
20. c3 {[%clk 0:31:52]} Bxh2 {[%clk 0:23:45]} 21. Qh4 {[%clk 0:29:09]} Be5
{[%clk 0:17:12]} 22. Nf2 {[%clk 0:27:10]} h5 {[%clk 0:14:57]} 23. Nh3 {[%clk
0:25:05]} Qc7 {[%clk 0:09:27]} 24. Nf4 {[%clk 0:18:19]} Nf5 {[%clk 0:05:16]}
25. Qg5 {[%clk 0:18:11]} h4 {[%clk 0:02:49]} 26. Qg6+ {[%clk 0:14:02]} Ke7
{[%clk 0:02:03]} 27. Nxd5+ {[%clk 0:06:47]} exd5 {[%clk 0:02:19]} 28. Rxf5
{[%clk 0:07:05]} Bxf5 {[%clk 0:02:15]} 29. Qxf5 {[%clk 0:07:27]} Kd6 {[%clk
0:00:38]} 30. Qg6+ {[%clk 0:06:09]} Kd7 {[%clk 0:00:40]} 31. Re1 {[%clk
0:03:59]} Qd6 {[%clk 0:00:41]} 32. Qf5+ {[%clk 0:03:57]} Qe6 {[%clk 0:00:35]}
33. Rxe5 {[%clk 0:03:18]} Qxf5 {[%clk 0:00:58]} 34. Rxf5 {[%clk 0:03:46]} c4
{[%clk 0:00:35]} 35. Rxd5+ Kc6 36. dxc4 {[%clk 0:03:16]} 1-0

[Event "Deutsche Ländermeisterschaft 2017"]
[Site "Hannover GER"]
[Date "2017.10.01"]
[Round "3"]
[White "Farokhi, Keyvan"]
[Black "Möller, Lisa-Marie"]
[Result "1/2-1/2"]
[Termination "normal"]
[Board "4.7"]
[WhiteElo "1781"]
[BlackElo "1838"]
[WhiteClock "00:30:42"]
[BlackClock "00:21:53"]
[WhiteTeam "Schleswig-Holstein"]
[BlackTeam "Nordrhein-Westfalen"]
[PlyCount "83"]
[WhiteFideId "12998630"]
[BlackFideId "12959367"]
[EventCountry "GER"]
[EventRounds "7"]
[EventType "team-swiss"]
[EventDate "2017.09.29"]

1. c4 {[%clk 1:30:57]} e5 {[%clk 1:30:45]} 2. g3 {[%clk 1:31:08]} Nf6 {[%clk
1:30:48]} 3. Bg2 {[%clk 1:31:17]} d5 {[%clk 1:30:43]} 4. cxd5 {[%clk 1:30:42]}
Nxd5 {[%clk 1:31:00]} 5. Nc3 {[%clk 1:30:50]} Nb6 {[%clk 1:29:46]} 6. Nf3
{[%clk 1:30:09]} Nc6 {[%clk 1:29:32]} 7. O-O {[%clk 1:29:27]} Be7 {[%clk
1:27:15]} 8. d3 {[%clk 1:28:10]} Be6 {[%clk 1:24:48]} 9. Bd2 {[%clk 1:25:48]}
O-O {[%clk 1:21:56]} 10. a3 {[%clk 1:23:33]} f6 {[%clk 1:19:55]} 11. b4 {[%clk
1:20:30]} Nd4 {[%clk 1:16:52]} 12. Nxd4 {[%clk 1:12:23]} exd4 {[%clk 1:17:01]}
13. Ne4 {[%clk 1:10:18]} Bd5 {[%clk 1:14:31]} 14. Rc1 {[%clk 1:08:03]} Re8
{[%clk 1:10:50]} 15. Bf4 {[%clk 1:07:04]} c6 {[%clk 1:08:17]} 16. Qc2 {[%clk
0:55:01]} Rc8 {[%clk 1:00:34]} 17. Bh3 {[%clk 0:52:11]} Ra8 {[%clk 0:58:14]}
18. Nc5 {[%clk 0:51:38]} Bxc5 {[%clk 0:57:26]} 19. bxc5 {[%clk 0:51:23]} Nd7
{[%clk 0:56:00]} 20. Rfe1 {[%clk 0:49:12]} b6 {[%clk 0:52:45]} 21. Bd6 {[%clk
0:45:03]} Nxc5 {[%clk 0:42:48]} 22. Bxc5 {[%clk 0:45:03]} bxc5 23. Qxc5 {[%clk
0:45:39]} Qb6 {[%clk 0:42:55]} 24. Bg2 {[%clk 0:43:39]} Bxg2 {[%clk 0:36:41]}
25. Kxg2 {[%clk 0:43:56]} Qxc5 26. Rxc5 {[%clk 0:44:13]} Re6 {[%clk 0:33:19]}
27. Kf3 {[%clk 0:40:08]} Rc8 {[%clk 0:28:00]} 28. Rb1 {[%clk 0:35:07]} Rc7
{[%clk 0:26:51]} 29. Rb4 {[%clk 0:33:22]} Rd6 {[%clk 0:25:09]} 30. a4 {[%clk
0:31:08]} Kf7 {[%clk 0:22:07]} 31. a5 {[%clk 0:30:56]} g6 {[%clk 0:21:20]} 32.
a6 {[%clk 0:29:53]} Rdd7 {[%clk 0:19:57]} 33. Ke4 {[%clk 0:25:31]} f5+ {[%clk
0:17:00]} 34. Kf3 {[%clk 0:23:54]} Kf6 {[%clk 0:15:22]} 35. h3 {[%clk 0:21:46]}
Ke6 {[%clk 0:09:47]} 36. Kf4 {[%clk 0:16:49]} Kd6 {[%clk 0:07:19]} 37. Rbc4
{[%clk 0:15:11]} Re7 {[%clk 0:05:57]} 38. e3 {[%clk 0:07:09]} dxe3 {[%clk
0:06:08]} 39. fxe3 {[%clk 0:07:33]} Rf7 {[%clk 0:04:07]} 40. h4 {[%clk
0:06:46]} Rf8 {[%clk 0:01:54]} 41. h5 {[%clk 0:02:03]} Rg8 {[%clk 0:21:53]} 42.
d4 {[%clk 0:30:42]} *

[Event "Deutsche Ländermeisterschaft 2017"]
[Site "Hannover GER"]
[Date "2017.10.01"]
[Round "3"]
[White "Bashylina, Luisa"]
[Black "Bräutigam, Katerina"]
[Result "1-0"]
[Termination "normal"]
[Board "4.8"]
[WhiteElo "1619"]
[BlackElo "1115"]
[WhiteClock "01:16:17"]
[BlackClock "00:19:48"]
[WhiteTeam "Nordrhein-Westfalen"]
[BlackTeam "Schleswig-Holstein"]
[PlyCount "43"]
[WhiteFideId "12983292"]
[BlackFideId "16242980"]
[EventCountry "GER"]
[EventRounds "7"]
[EventType "team-swiss"]
[EventDate "2017.09.29"]

1. e4 {[%clk 1:30:58]} c5 {[%clk 1:30:53]} 2. Nf3 {[%clk 1:31:22]} d6 {[%clk
1:31:11]} 3. d4 {[%clk 1:31:46]} cxd4 {[%clk 1:31:29]} 4. Qxd4 {[%clk 1:32:10]}
Nc6 {[%clk 1:31:15]} 5. Bb5 {[%clk 1:32:35]} Bd7 {[%clk 1:30:19]} 6. Bxc6
{[%clk 1:32:55]} Bxc6 {[%clk 1:30:35]} 7. Nc3 {[%clk 1:33:12]} e6 {[%clk
1:30:27]} 8. Bg5 {[%clk 1:30:35]} Qd7 {[%clk 1:18:17]} 9. O-O {[%clk 1:29:10]}
Be7 {[%clk 1:16:03]} 10. Qxg7 {[%clk 1:28:21]} O-O-O {[%clk 1:08:24]} 11. Qxh8
{[%clk 1:26:33]} Nf6 {[%clk 1:08:00]} 12. Qg7 {[%clk 1:26:24]} Rg8 {[%clk
0:53:51]} 13. Qxf7 {[%clk 1:25:31]} Rg6 {[%clk 0:52:27]} 14. Bxf6 {[%clk
1:25:01]} Rxf6 {[%clk 0:40:20]} 15. Qxh7 {[%clk 1:22:32]} Qe8 {[%clk 0:34:36]}
16. Nd4 {[%clk 1:20:49]} Bd7 {[%clk 0:33:48]} 17. Qh3 {[%clk 1:18:38]} e5
{[%clk 0:32:21]} 18. Nf5 {[%clk 1:19:05]} Kb8 {[%clk 0:29:50]} 19. Qd3 {[%clk
1:18:51]} Bf8 {[%clk 0:23:03]} 20. Nd5 {[%clk 1:16:57]} Rg6 {[%clk 0:21:09]}
21. Qc4 {[%clk 1:16:17]} Ka8 {[%clk 0:19:48]} 22. Nc7+ {[%clk 1:16:17]} 1-0